| 000 | 01668cam a2200277 i 4500 | ||
|---|---|---|---|
| 003 | SA-RiAUC | ||
| 005 | 20251013072925.0 | ||
| 008 | 250426s2003 su a g i100r0 ara c | ||
| 040 |
_aSA-JeALM _bara _cSA-RiAUC _erda |
||
| 041 | 0 |
_aara _aeng |
|
| 082 | 0 | 4 |
_a259 _qSA-RiAUC |
| 090 |
_a259 م ج م _b م ج م |
||
| 110 | 2 |
_aرابطة العالم الإسلامي (مكة المكرمة). _bالمجمع الفقهي الإسلامي. _bدورة _n(17 : _d1424 هجري : _cمكة المكرمة) |
|
| 245 | 1 | 0 |
_aقرارات المجمع الفقهي الإسلامي بمكة المكرمة : _bالدورات : من الاولى الى السادسة عشرة القرارات : من الاول الى الخامس والتسعين1398 / 14222 هـ.-1977 / 2002 م. / _cالمجمع الفقهي الإسلامي، رابطة العالم الإسلامي. |
| 264 | 1 |
_a[مكة المكرمة، السعودية] : _bرابطة العالم الإسلامي، المجمع الفقهي الإسلامي، _c[2003] |
|
| 300 |
_a387 صفحة : _bإيضاحيات ؛ _c24 سم |
||
| 336 |
_aنص _btxt _2rdacontent _3كتاب |
||
| 337 |
_aبدون وسيط _bn _2rdamedia |
||
| 338 |
_aمجلد _bnc _2rdacarrier |
||
| 546 | _aالنص باللغتين العربية والإنجليزية. | ||
| 610 | 2 | 7 |
_aالمجمع الفقهي الإسلامي (رابطة العالم الإسلامي) _vمؤتمرات _2aucnm |
| 650 | 7 |
_aالفقه الإسلامي _vمؤتمرات _2aucsh |
|
| 710 | 2 |
_aالمجمع الفقهي الإسلامي (رابطة العالم الإسلامي) _eمنظم. |
|
| 942 |
_2ddc _cBOOK _n0 |
||
| 949 |
_aSA-JeALM _d250426 _umohamedma123 _n1 |
||
| 999 |
_c12491 _d12491 |
||